Geometry / (Record no. 4301)

MARC details
000 -LEADER
fixed length control field 01763nam a22004575ia4500
003 - CONTROL NUMBER IDENTIFIER
control field EG-ScBUE
005 - DATE AND TIME OF LATEST TRANSACTION
control field 20250528100542.0
008 - FIXED-LENGTH DATA ELEMENTS--GENERAL INFORMATION
fixed length control field 110522t2002 njua f bd 001 0 eng d
020 ## - INTERNATIONAL STANDARD BOOK NUMBER
International Standard Book Number 0130585149 (volume 2)
020 ## - INTERNATIONAL STANDARD BOOK NUMBER
International Standard Book Number 9780130585141 (volume 2)
020 ## - INTERNATIONAL STANDARD BOOK NUMBER
International Standard Book Number 0130585130 (volume 1)
020 ## - INTERNATIONAL STANDARD BOOK NUMBER
International Standard Book Number 9780130585134 (volume 1)
040 ## - CATALOGING SOURCE
Original cataloging agency EG-ScBUE
Language of cataloging eng
Description conventions rda
Transcribing agency EG-ScBUE
Modifying agency EG-ScBUE
082 04 - DEWEY DECIMAL CLASSIFICATION NUMBER
Classification number 516
Item number GEO
Edition number 22
245 00 - TITLE STATEMENT
Title Geometry /
Statement of responsibility, etc Zalman Usiskin [and seven others]
250 ## - EDITION STATEMENT
Edition statement Second edition.
250 ## - EDITION STATEMENT
Edition statement Teacher's edition.
264 #1 - PUBLICATION, DISTRIBUTION, ETC. (IMPRINT)
Place of publication, distribution, etc Upper Saddle River, New Jersey :
Name of publisher, distributor, etc Prentice-Hall, Inc.,
Date of publication, distribution, etc [2002]
264 #4 - PUBLICATION, DISTRIBUTION, ETC. (IMPRINT)
Date of publication, distribution, etc c2002
300 ## - PHYSICAL DESCRIPTION
Extent 2 volumes (various pagings) :
Other physical details color illustrations ;
Dimensions 26 cm.
336 ## - CONTENT TYPE
Source rdacontent
Content type term text
Content type code txt
337 ## - MEDIA TYPE
Media type term unmediated
Source rdamedia
Media type code n
338 ## - CARRIER TYPE
Carrier type term volume
Carrier type code nc
Source rdacarrier
490 0# - SERIES STATEMENT
Series statement The University of Chicago School mathematics project
500 ## - GENERAL NOTE
General note Includes glossary.
500 ## - GENERAL NOTE
General note "The University of Chicago School Mathematics Project".
500 ## - GENERAL NOTE
General note Cover : "Enhanced Integration and connections - Warm-ups and Extensions - Optional Activities - Cooperative Learning Suggestions - Ongoing Assessment - Professional Sourcebook".
504 ## - BIBLIOGRAPHY, ETC. NOTE
Bibliography, etc Includes bibliographical references and index.<br/>
505 0# - FORMATTED CONTENTS NOTE
Formatted contents note Part 1. chapters 1-7 -- Part 2. chapters 8-14.
650 #7 - SUBJECT ADDED ENTRY--TOPICAL TERM
Topical term or geographic name as entry element Geometry.
9 (RLIN) 24013
Source of heading or term BUEsh
655 ## - INDEX TERM--GENRE/FORM
Form subdivision Reading book
700 1# - ADDED ENTRY--PERSONAL NAME
Personal name Usiskin, Zalman,
Relator term author.
700 1# - ADDED ENTRY--PERSONAL NAME
Personal name Hirschhorn, Daniel,
Relator term author.
700 1# - ADDED ENTRY--PERSONAL NAME
Personal name Coxford, Arthur,
Relator term author.
700 1# - ADDED ENTRY--PERSONAL NAME
Personal name Highstone, Virginia,
Relator term author.
700 1# - ADDED ENTRY--PERSONAL NAME
Personal name Lewellen, Hester,
Relator term author.
700 1# - ADDED ENTRY--PERSONAL NAME
Personal name Oppong, Nicholas,
Relator term author.
700 1# - ADDED ENTRY--PERSONAL NAME
Personal name DiBianca, Richard,
Relator term author.
700 1# - ADDED ENTRY--PERSONAL NAME
Personal name Maeir, Merilee,
Relator term author.
942 ## - ADDED ENTRY ELEMENTS (KOHA)
Source of classification or shelving scheme Dewey Decimal Classification
Koha item type Book - Borrowing
Holdings
Withdrawn status Lost status Source of classification or shelving scheme Damaged status Not for loan Collection code Home library Current library Shelving location Date acquired Total Checkouts Full call number Barcode Date last seen Koha item type Public note Price effective from
    Dewey Decimal Classification     Baccah Central Library Central Library First floor 22/05/2011   516 GEO 000000175 15/07/2025 Book - Borrowing VOL. 2.  
    Dewey Decimal Classification     Baccah Central Library Central Library First floor 11/08/2015   516 GEO 000007188 15/07/2025 Book - Borrowing VOL. 2.  
    Dewey Decimal Classification     Baccah Central Library Central Library First floor 23/08/2015   516 GEO 000000168 15/07/2025 Book - Borrowing VOL. 1. 23/08/2015
    Dewey Decimal Classification     Baccah Central Library Central Library First floor 23/08/2015   516 GEO 000007187 15/07/2025 Book - Borrowing VOL. 1. 23/08/2015